Альманах Українського народного союзу (Запис № 425364)

МАРК-запис
000 -Лідер
fixed length control field 00820nam a22002417a 4500
001 - Контрольний номер
control field 45260
003 - Ідентифікатор контрольного номера
control field UA-OsUOA
005 - Дата та час останнього входження (трансакції)
control field 20260422162719.0
008 - Елементи даних фіксованої довжини – загальна інформація
fixed length control field 20110929b un ||||| |||| 00| 0 ukr d
040 ## - Джерело каталогізації
Агенція оригінальної каталогізації UA-OsUOA
Мова каталогізації ukr
Агенція, яка здійснювала перезапис UA-OsUOA
Агенція, яка здійснювала модифікацію UA-OsUOA
041 ## - Код мови
Код мови тексту/ звукової доріжки чи окремого заголовка (П) ukr
080 ## - Індекс Універсальної десяткової класифікації
Індекс Універсальної десяткової класифікації (УДК) (НП) 050.9
090 ## - Локальний шифр розміщення
Класифікаційний індекс УДК 050.9
Авторський знак (НП) А57
245 ## - Відомості про назву
Назва (НП) Альманах Українського народного союзу
Решта назви (НП) річник 75
260 ## - Публікація, розповсюдження і т.п. (Вихідні дані)
Місце публікації, розповсюдження і т.п. (П) Джерзі Ситі ;
-- Ню Йорк
Ім’я/ наймення видавництва, розповсюджувача і т.п. (П) Свобода
Дата публікації, розповсюдження і т.п. (П) 1985
300 ## - Фізичний опис
Обсяг 240 с.
310 ## - Поточна періодичність
Поточна періодичність 1980-1982; 1984-1985; 1987-1988; 1991-1999
650 #7 - Додаткове предметне введення – тематичний термін
Джерело заголовка чи терміна UDC
Тематичний термін чи географічна назва, як елемент введення (НП) 050 Серіальні видання. Періодика
9 (RLIN) 3723
942 ## - Додаткові елементи входу (Коха)
Тип елемента Koha Журнал
Source of classification or shelving scheme Universal Decimal Classification
955 ## - Код типу видання за змістом
Код типу видання за змістом (НП) Науково-популярні видання
Фонди
Стан вилучень Стан втрат Джерело класифікації або схеми стелажів Стан уражень Не для кредиту Код колекції Постійне місце розташування Поточне розміщення Дата придбання Джерело придбання Вартість, звичайна ціна покупки Інвентарний номер Усього замовленно Повний номер виклику Штрих-код Дата останнього перегляду Вартість, ціна заміни Ціна ефективна від Тип елемента Koha Примітка, призначена для загального доступу
    Universal Decimal Classification     Колекція др. Константина Бризгуна (Оксани і Ярослава Соколиків) Наукова бібліотека ІДУД Наукова бібліотека ІДУД 22/04/2026 №10/22.04.2026 (ІДУД) 1.00 300736   050.9 А57 300736 22/04/2026 1.00 22/04/2026 Журнал Отримано в дар від Оксани Бризгун-Соколик ; містить екслібрис "Соколиків"